000 00539nam a2200217Ia 4500
005 20140426102836.0
008 140130s9999 xx 000 0 und d
020 _a0439109949
050 _aML 3930.E44
_b.P56 1999
100 _aEllington, Duke
_931467
245 _cAndrea Davis Pinkney.
_aDuke Ellington /
260 _bScholastic,
_c1999.
_aUSA :
300 _a28 p. :
_bcol. ill. ;
_c27 cm.
440 _v1
521 _aG6
526 _c800
942 _cBK
_2lcc
999 _c41151
_d41151